| 000 | 00914nam a22002897a 4500 | ||
|---|---|---|---|
| 001 | 8756 | ||
| 003 | FISKH | ||
| 005 | 20251017103815.0 | ||
| 008 | 251017b cb ||||| |||| 00| 0 eng d | ||
| 020 | _a9780060518929 | ||
| 040 |
_aFISKH _beng _cFISKH _dFISKH |
||
| 050 | _aPZ7.P2185 A | ||
| 082 | _a813 | ||
| 100 | _aParish, Herman | ||
| 245 |
_aAmelia Bedelia, Bookworm / _cby Herman Parish , pictures by Lynn Sweat |
||
| 260 |
_aNew York : _bHarperCollinsPublishers , _c2003. |
||
| 300 |
_a63 pages : _bcolor illustrations ; _c23 cm . |
||
| 490 |
_aI Can Read ! _v2 |
||
| 505 | _aE | ||
| 520 | _aThe literal-minded housekeeper causes chaos at her local library when she stops by to help the librarian. | ||
| 521 | 8 |
_a290
_bLexile |
|
| 521 | 8 |
_aE
_bRaz-Plus |
|
| 650 |
_aHomophones _vChildren's fiction |
||
| 700 |
_aSweat, Lynn _eIllustrator |
||
| 942 |
_2ddc _cBK _n0 |
||
| 999 |
_c8756 _d8756 |
||